Vladimir Putin trong mắt tôi
êngSachs cung cấp cho bạn đọc một số thông tin nhất định về cuộc đời và sự nghiệp chính trị của Vladimir Putin nhằm giúp cho bạn đọchiểu biết về vị tổng thống kính mến của nước Nga hôm nay.
Wedi'i Gadw mewn:
| Fformat: | Llyfr |
|---|---|
| Iaith: | Undetermined |
| Cyhoeddwyd: |
Hà Nội
Công an nhân dân
2008
|
| Pynciau: | |
| Tagiau: |
Ychwanegu Tag
Dim Tagiau, Byddwch y cyntaf i dagio'r cofnod hwn!
|
| Thư viện lưu trữ: | Trung tâm Học liệu Trường Đại học Cần Thơ |
|---|
| LEADER | 00889nam a2200217Ia 4500 | ||
|---|---|---|---|
| 001 | CTU_133452 | ||
| 008 | 210402s9999 xx 000 0 und d | ||
| 020 | |c 34000 | ||
| 082 | |a 947.0092 | ||
| 082 | |b P988 | ||
| 245 | 0 | |a Vladimir Putin trong mắt tôi | |
| 245 | 0 | |c Anh Khôi (biên khảo) | |
| 260 | |a Hà Nội | ||
| 260 | |b Công an nhân dân | ||
| 260 | |c 2008 | ||
| 520 | |a êngSachs cung cấp cho bạn đọc một số thông tin nhất định về cuộc đời và sự nghiệp chính trị của Vladimir Putin nhằm giúp cho bạn đọchiểu biết về vị tổng thống kính mến của nước Nga hôm nay. | ||
| 650 | |a Presidents,Tiểu sử | ||
| 650 | |x Biography,Tổng thống | ||
| 650 | |z Russia | ||
| 904 | |i Trọng Hải | ||
| 980 | |a Trung tâm Học liệu Trường Đại học Cần Thơ | ||